ASSET MANAGEMENT - METÓDA RIADENIA CESTNÉHO HOSPODÁRSTVA

Bibliographic Details
Main Author: Mikolaj, Ján, 1929- (Author)
Format: Article
Language:Slovak
ISBN:8023304879

MARC

LEADER 00000naa a2200000uu 4500
001 vtls011083170
003 SK-MaSNL
005 20260302132040.0
008 210909|2003 xo |||||||||||||||||slo|
015 |a SNBRA 
035 |a (urnnbn)urn:nbn:sk:snk:ar-a0ck7k 
035 |a (uuid)300304b6-508f-4f88-805f-d43e6cbb4801 
035 |a urn:nbn:sk:snk-aavq5o 
040 |a SNKBUCL  |b slo  |c SNKBUCL  |e AACR2 
041 0 |a slo 
044 |a xo  |c SK 
100 1 |a Mikolaj, Ján,  |d 1929-  |4 aut  |9 28149 
245 1 0 |a ASSET MANAGEMENT - METÓDA RIADENIA CESTNÉHO HOSPODÁRSTVA  |c Ján Mikolaj 
773 0 |t Cestná konferencia 2003  |d Bratislava : Dom techniky ZSVTS, 2003  |g S. 96-100  |z 8023304879 
958 |a OND 
958 |a article12 
958 |a chapter 
999 |c 1311621  |d 1313551